MARC

LEADER 00000nam0a2200000 4500
001 91936
005 20231031104357.0
020 |a RU  |b 83-42757 
035 |a (RuTPU)RU\TPU\book\98528 
090 |a 91936 
100 |a 20060303d1983 m a0rusy5003 ca 
101 0 |a rus 
102 |a RU 
105 |a a z 001zy 
200 1 |a Благоустройство и озеленение сел  |f Г. П. Майков 
210 |a Ленинград  |c Стройиздат  |c Ленингр. отд-ние  |d 1983 
215 |a 183 с.  |c ил.  |d 21 см 
610 1 |a благоустройство 
610 1 |a озеленение населенных мест 
610 1 |a сельские населенные пункты 
610 1 |a планировка 
610 1 |a практика 
675 |a 711.43  |z rus 
675 |a 712.4  |z rus 
700 1 |a Майков  |b Г. П.  |g Геннадий Петрович  |4 070 
801 0 |a RU  |b RuMRKP  |c 19950704  |g psbo 
801 1 |a RU  |b 63413507  |c 20060303  |g PSBO 
801 2 |a RU  |b 63413507  |c 20061010  |g PSBO 
942 |c BK